شطحات صوفية : (Record no. 6714)
[ view plain ]
| 000 -الفاتح | |
|---|---|
| حقل البيانات ثابتة الطول | 00698nac a22001811u 4500 |
| 008 - عناصر البيانات ثابتة الطول - معلومات عامة | |
| حقل البيانات ثابتة الطول | 100811t1949 ua|||||r|||| 001 0dara d |
| 082 ## - رقم تصنيف ديوى العشرى | |
| رقم التصنيف | 260 |
| رقم المادة | ب د و |
| 245 ## - بيان العنوان | |
| العنوان | شطحات صوفية : |
| بيان المسئوليه,etc | عبد الرحمن بدوي ؛ أبو يزيد البسطامي |
| 260 ## - PUBLICATION, DISTRIBUTION, ETC. (IMPRINT) | |
| مكان الناشر او الموزع | القاهرة: |
| اسم الناشر او الموزع | 1949،مكتبة النهضة المصرية |
| تاريخ النشر أو التوزيع | 1949. |
| 270 ## - | |
| -- | 9 شارع عدلي باشا |
| 300 ## - الوصف المادى | |
| التعداد | 186 ص ؛ |
| أبعاد الوعاء | 24 سم. |
| 490 ## - بيان السلسلة | |
| -- | 16636 |
| عنوان السلسلة | ؛ دراسات إسلامية |
| -- | 9 |
| 500 ## - تبصرة عامة | |
| تبصرة عامة | يشتمل على كشاف |
| 511 ## - | |
| -- | Catalogued by: Sara |
| 650 ## - المدخل الاضافى بالموضوع-مصطلح موضوعى | |
| مصطلح موضوعي أو اسم جغرافي كعنصر مدخل | التصوف الإسلامي |
| 9 (RLIN) | 16733 |
| 700 ## - المدخل الاضافى - اسم شخصى | |
| الإسم الشخصى | البسطامي ، أبو اليزيد |
| 9 (RLIN) | 17447 |
| 942 ## - عناصر المدخل الإضافي( كوها) | |
| Koha [default] item type | Book - Borrowing |
| سابقة رقم الطلب | 260 ب د و |
| مصدر التصنيف او مخطط الترفيف | Dewey Decimal Classification |
| حالة التراجع | حالة الفقد | مصدر التصنيف او خطة الترفيف | حالة تلف | ليس للاعارة | مجموعات كوها | المكان الدائم | المكان الحالي | موقع الترفيف | تاريخ الاكتساب | رقم الاستدعاء | الباركود | Date last seen | نوع الوعاء |
|---|---|---|---|---|---|---|---|---|---|---|---|---|---|
| Dewey Decimal Classification | Alef-Baa | Central Library | Central Library | Lower Floor | 11/08/2010 | 260ب د و | 000008369 | 15/07/2025 | Book - Borrowing |